[Event "St Petersburg Amir Cup Blitz"]
[Site "St Petersburg"]
[Date "2021.05.23"]
[Round "7"]
[White "Sek, Konstantin"]
[Black "Shpartko, Grigory"]
[Result "1-0"]
[WhiteElo "2432"]
[BlackElo "2124"]
[PlyCount "96"]
[EventDate "2021.05.23"]
[EventType "swiss (blitz)"]
[EventRounds "11"]
[EventCountry "RUS"]
[SourceTitle "CBM 202 Extra"]
[Source "ChessBase"]
[SourceDate "2021.07.31"]
[SourceVersion "1"]
[SourceVersionDate "2021.07.31"]
[SourceQuality "1"]

1. e4 c5 2. Nf3 d6 3. d4 cxd4 4. Nxd4 Nf6 5. Nc3 Nc6 6. Bc4 g6 7. Nxc6 bxc6 8. e5 Nd7 9. exd6 exd6 10. 0-0 Ne5 11. Re1 Be7 12. Rxe5 dxe5 13. Qf3 0-0 14. Bh6 Bf5 15. Bxf8 Qxf8 16. Bb3 Rc8 17. Qe3 Rc7 18. Qxe5 Bd6 19. Qf6 Be7 20. Qe5 Bd6 21. Qd4 Bc5 22. Qf4 Bd6 23. Qf3 Qh6 24. h3 Be5 25. g4 Bc8 26. Re1 Qg7 27. Ne4 c5 28. Bd5 h6 29. c3 Kh7 30. Kg2 f5 31. Ng3 f4 32. Ne4 Bb7 33. Bxb7 Rxb7 34. b3 Rc7 35. Rd1 Qf7 36. Rd5 Qe7 37. Qd3 Kg7 38. Nd2 Qe6 39. Nf3 Bf6 40. Rd6 Qe7 41. c4 a5 42. Qd5 g5 43. Qd3 a4 44. bxa4 Ra7 45. a5 Bd4 46. Qg6+ Kf8 47. Qxh6+ Bg7 48. Qg6 Qf7 1-0

[Event "St Petersburg Amir Cup Blitz"]
[Site "St Petersburg"]
[Date "2021.05.23"]
[Round "8"]
[White "Shpartko, Grigory"]
[Black "Lobanov, Sergei"]
[Result "0-1"]
[WhiteElo "2124"]
[BlackElo "2515"]
[PlyCount "90"]
[EventDate "2021.05.23"]
[EventType "swiss (blitz)"]
[EventRounds "11"]
[EventCountry "RUS"]
[SourceTitle "CBM 202 Extra"]
[Source "ChessBase"]
[SourceDate "2021.07.31"]
[SourceVersion "1"]
[SourceVersionDate "2021.07.31"]
[SourceQuality "1"]

1. Nf3 d5 2. d4 Nf6 3. c4 dxc4 4. e3 Bg4 5. Bxc4 e6 6. 0-0 a6 7. a4 Nc6 8. h3 Bh5 9. Nbd2 Bd6 10. Be2 0-0 11. Nc4 Nb4 12. Bd2 Ne4 13. Be1 Nd5 14. Nfe5 Bxe2 15. Qxe2 Qg5 16. f4 Qe7 17. Qf3 f5 18. Nd3 b5 19. Nd2 Ndf6 20. g4 c5 21. axb5 Nxd2 22. Bxd2 Ne4 23. Bc3 axb5 24. dxc5 Bxc5 25. Kh2 Rad8 26. Rad1 b4 27. Be5 Bd6 28. Bd4 Rc8 29. Rc1 b3 30. Rg1 g6 31. Qd1 Qb7 32. Ra1 Rc2+ 33. Rg2 Rfc8 34. Ra7 Qd5 35. Rg7+ Kf8 36. Ne1 Rxg2+ 37. Nxg2 Rc2 38. gxf5 Nf6 39. Rxg6 hxg6 40. Qf1 Nh5 41. fxg6 Qe4 42. g7+ Kg8 43. h4 e5 44. Kh3 exd4 45. Ne1 Qf5# 0-1

[Event "St Petersburg Amir Cup Rapid"]
[Site "St Petersburg"]
[Date "2021.05.22"]
[Round "1"]
[White "Panchenko, Sergey"]
[Black "Shpartko, Grigory"]
[Result "1/2-1/2"]
[WhiteElo "1381"]
[BlackElo "2124"]
[PlyCount "118"]
[EventDate "2021.05.22"]
[EventType "swiss (rapid)"]
[EventRounds "9"]
[EventCountry "RUS"]
[SourceTitle "CBM 202 Extra"]
[Source "ChessBase"]
[SourceDate "2021.07.31"]
[SourceVersion "1"]
[SourceVersionDate "2021.07.31"]
[SourceQuality "1"]

1. e4 c6 2. c4 e5 3. Nf3 d6 4. d4 Nd7 5. Nc3 Be7 6. Be3 Ngf6 7. Be2 0-0 8. h3 c5 9. dxe5 dxe5 10. 0-0 b6 11. Nd5 Bb7 12. a4 Nxe4 13. Qc2 Bxd5 14. cxd5 Nd6 15. a5 f5 16. axb6 axb6 17. Rxa8 Qxa8 18. Bg5 Bf6 19. Rd1 h6 20. Bxf6 Rxf6 21. Qc3 e4 22. Ne5 Nxe5 23. Qxe5 Qe8 24. Qc3 Qa8 25. b4 cxb4 26. Qxb4 Qb7 27. f3 b5 28. Qc5 Kh7 29. Rb1 exf3 30. Bxf3 Qe7 31. Rb3 Qe1+ 32. Kh2 Qe5+ 33. Kg1 Rf8 34. Re3 Qf4 35. Re1 Rc8 36. Qb6 b4 37. Rb1 Rc4 38. Kh1 Rc1+ 39. Rxc1 Qxc1+ 40. Kh2 Qf4+ 41. Kg1 Kg6 42. h4 Kf6 43. Qd8+ Ke5 44. Qe7+ Kd4 45. Qxg7+ Qe5 46. Qa7+ Kd3 47. Qa4 Qe1+ 48. Kh2 Qxh4+ 49. Kg1 Qe1+ 50. Kh2 Qh4+ 51. Kg1 Qd4+ 52. Kh2 Ne4 53. Qd1+ Kc4 54. Qxd4+ Kxd4 55. Bxe4 Kxe4 56. d6 b3 57. d7 b2 58. d8Q b1Q 59. Qh4+ Ke5 1/2-1/2

[Event "St Petersburg Amir Cup Rapid"]
[Site "St Petersburg"]
[Date "2021.05.22"]
[Round "5"]
[White "Pershin, Denis"]
[Black "Shpartko, Grigory"]
[Result "1-0"]
[WhiteElo "2391"]
[BlackElo "2124"]
[PlyCount "81"]
[EventDate "2021.05.22"]
[EventType "swiss (rapid)"]
[EventRounds "9"]
[EventCountry "RUS"]
[SourceTitle "CBM 202 Extra"]
[Source "ChessBase"]
[SourceDate "2021.07.31"]
[SourceVersion "1"]
[SourceVersionDate "2021.07.31"]
[SourceQuality "1"]

1. d4 e6 2. c4 f5 3. Nc3 Nf6 4. g3 Be7 5. Bg2 d6 6. Nf3 0-0 7. 0-0 c6 8. b3 a5 9. Re1 Ne4 10. Bb2 Na6 11. Rc1 Rb8 12. Qc2 Nxc3 13. Bxc3 b5 14. Qd2 b4 15. Bb2 Bf6 16. e4 d5 17. cxd5 cxd5 18. exf5 exf5 19. Ne5 Rb6 20. Rxc8 Qxc8 21. Bxd5+ Kh8 22. Nf7+ Rxf7 23. Bxf7 Nc7 24. Qc2 Rb8 25. Rc1 Bd8 26. Qc6 Qb7 27. Qxb7 Rxb7 28. d5 Na6 29. Rc8 Rb8 30. Rxb8 Nxb8 31. Be6 Na6 32. Kf1 Nc5 33. Bd4 Nxe6 34. dxe6 Kg8 35. Bc5 Bc7 36. Ke2 g5 37. Kd3 Kg7 38. Bd4+ Kg6 39. Kc4 f4 40. Kd5 Bd8 41. Ke4 1-0

[Event "St Petersburg Amir Cup Rapid"]
[Site "St Petersburg"]
[Date "2021.05.22"]
[Round "4"]
[White "Shpartko, Grigory"]
[Black "Kretov, Evgenij"]
[Result "1-0"]
[WhiteElo "2124"]
[BlackElo "2269"]
[PlyCount "79"]
[EventDate "2021.05.22"]
[EventType "swiss (rapid)"]
[EventRounds "9"]
[EventCountry "RUS"]
[SourceTitle "CBM 202 Extra"]
[Source "ChessBase"]
[SourceDate "2021.07.31"]
[SourceVersion "1"]
[SourceVersionDate "2021.07.31"]
[SourceQuality "1"]

1. c4 Nf6 2. d4 c5 3. e3 cxd4 4. exd4 d5 5. Nc3 e6 6. Nf3 Be7 7. c5 0-0 8. Bf4 b6 9. b4 a5 10. a3 axb4 11. axb4 Rxa1 12. Qxa1 bxc5 13. bxc5 Nc6 14. Bb5 Bb7 15. 0-0 Ne4 16. Rc1 f6 17. Qa2 Kh8 18. Ne2 Qd7 19. h3 Ra8 20. Qb2 Qe8 21. Ra1 g5 22. Bc7 Rc8 23. Bb6 Qh5 24. Bxc6 Bxc6 25. Ra7 Re8 26. Rc7 Ba4 27. Qa1 Bb5 28. Ng3 Nxg3 29. fxg3 g4 30. hxg4 Qxg4 31. Qa7 Qg7 32. c6 e5 33. dxe5 fxe5 34. Bf2 Kg8 35. Qb7 Be2 36. Nh4 Qf6 37. Rc8 Qf8 38. Rxe8 Qxe8 39. Nf5 Bg4 40. Nh6+ 1-0

[Event "Chigorin Memorial 25th"]
[Site "St Petersburg"]
[Date "2017.10.27"]
[Round "7"]
[White "Shpartko, Grigory"]
[Black "Fenil, Shah"]
[Result "0-1"]
[WhiteElo "2216"]
[BlackElo "2350"]
[PlyCount "76"]
[EventDate "2017.10.21"]
[EventType "swiss"]
[EventRounds "9"]
[EventCountry "RUS"]
[SourceTitle "CBM 181 Extra"]
[Source "ChessBase"]
[SourceDate "2017.12.12"]
[SourceVersion "1"]
[SourceVersionDate "2017.12.12"]
[SourceQuality "1"]

1. d4 d5 2. Nf3 Nf6 3. c4 e6 4. Nc3 Bb4 5. a3 Bxc3+ 6. bxc3 0-0 7. Bg5 h6 8. Bh4 c5 9. Rc1 Nbd7 10. e3 Qa5 11. Nd2 cxd4 12. exd4 Qxa3 13. Bd3 e5 14. 0-0 exd4 15. cxd5 dxc3 16. Nc4 Qc5 17. d6 b5 18. Ne3 Bb7 19. Nf5 Kh8 20. Re1 b4 21. Re7 Qd5 22. Ne3 Qc6 23. Bc2 Rad8 24. Qd3 Nc5 25. Qf5 Bc8 26. d7 Bxd7 27. Rxd7 Ncxd7 28. Rd1 Qe6 29. Qf3 b3 30. Bf5 Ne5 31. Qe2 Rxd1+ 32. Qxd1 c2 33. Qf1 Qc6 34. Nxc2 bxc2 35. Bxc2 Qxc2 36. h3 Qc4 37. Qa1 Nf3+ 38. gxf3 Qxh4 0-1

[Event "Chigorin Memorial 25th"]
[Site "St Petersburg"]
[Date "2017.10.25"]
[Round "5"]
[White "Shpartko, Grigory"]
[Black "Sadovsky, Artem"]
[Result "1-0"]
[WhiteElo "2216"]
[BlackElo "2407"]
[PlyCount "115"]
[EventDate "2017.10.21"]
[EventType "swiss"]
[EventRounds "9"]
[EventCountry "RUS"]
[SourceTitle "CBM 181 Extra"]
[Source "ChessBase"]
[SourceDate "2017.12.12"]
[SourceVersion "1"]
[SourceVersionDate "2017.12.12"]
[SourceQuality "1"]

1. d4 g6 2. Nf3 Bg7 3. g3 c5 4. c3 b6 5. Bg2 Bb7 6. 0-0 Nf6 7. Nbd2 0-0 8. Re1 d6 9. e4 cxd4 10. cxd4 Nc6 11. a3 Rc8 12. b4 Nd7 13. Bb2 b5 14. Qe2 a6 15. Nb3 e6 16. Rad1 Re8 17. e5 dxe5 18. dxe5 Qe7 19. h4 Ba8 20. Qe3 Rc7 21. h5 Rb8 22. h6 Bf8 23. Nh2 Nb6 24. Bc1 Nc4 25. Qf4 a5 26. bxa5 N6xa5 27. Nxa5 Bxg2 28. Kxg2 Nxa5 29. Ng4 Nb3 30. Nf6+ Kh8 31. Rd3 Rc4 32. Rxb3 Rxf4 33. Bxf4 Qb7+ 34. Kg1 Be7 35. Rd1 Qc6 36. Rc1 Qa6 37. Rc7 Bxf6 38. exf6 Kg8 39. Rc5 Rd8 40. Rcxb5 Kf8 41. Kh2 Qc6 42. a4 Qc2 43. Rb2 Qxa4 44. Bc7 Ra8 45. Rb8+ Qe8 46. Bd6+ Kg8 47. g4 e5 48. Bxe5 Rxb8 49. Rxb8 Qxb8 50. Bxb8 Kf8 51. Kg3 Kg8 52. Kf4 Kh8 53. Ke5 Kg8 54. Kd6 Kh8 55. Ke7 Kg8 56. Ba7 g5 57. Be3 Kh8 58. Bxg5 1-0

[Event "Chigorin Memorial 25th"]
[Site "St Petersburg"]
[Date "2017.10.22"]
[Round "2"]
[White "Khanin, Semen"]
[Black "Shpartko, Grigory"]
[Result "1-0"]
[WhiteElo "2450"]
[BlackElo "2216"]
[PlyCount "67"]
[EventDate "2017.10.21"]
[EventType "swiss"]
[EventRounds "9"]
[EventCountry "RUS"]
[SourceTitle "CBM 181 Extra"]
[Source "ChessBase"]
[SourceDate "2017.12.12"]
[SourceVersion "1"]
[SourceVersionDate "2017.12.12"]
[SourceQuality "1"]

1. e4 e5 2. Nf3 Nc6 3. Bb5 a6 4. Ba4 b5 5. Bb3 Be7 6. d4 exd4 7. Nxd4 Bb7 8. Qh5 d5 9. Bxd5 Nxd4 10. Qxf7+ Kd7 11. Bxb7 Nf6 12. 0-0 Rf8 13. Qxg7 Rg8 14. Qh6 Ke8 15. e5 Rg6 16. Qd2 Ng4 17. c3 Bc5 18. cxd4 Qh4 19. Qf4 Bxd4 20. Bxa8 Bxe5 21. Re1 Re6 22. Bc6+ Ke7 23. Qg5+ Qxg5 24. Bxg5+ Kd6 25. Bf3 Nxh2 26. Nd2 Rg6 27. Rad1 c5 28. Nc4+ Kc7 29. Nxe5 Rxg5 30. Kxh2 c4 31. a3 Kb6 32. Rd6+ Ka7 33. Nc6+ Kb6 34. Nb4+ 1-0

[Event "Chigorin Memorial 24th"]
[Site "St Petersburg"]
[Date "2016.10.22"]
[Round "8"]
[White "Vokhidov, Shamsiddin"]
[Black "Shpartko, Grigory"]
[Result "0-1"]
[WhiteElo "2366"]
[BlackElo "2201"]
[PlyCount "94"]
[EventDate "2016.10.15"]
[EventType "swiss"]
[EventRounds "9"]
[EventCountry "RUS"]
[SourceTitle "CBM 175 Extra"]
[Source "ChessBase"]
[SourceDate "2016.12.12"]
[SourceVersion "1"]
[SourceVersionDate "2016.12.12"]
[SourceQuality "1"]

1. e4 c5 2. Nf3 e6 3. d4 d5 4. exd5 exd5 5. Nc3 Nf6 6. Bg5 c4 7. Bxf6 gxf6 8. Nh4 Be6 9. g3 Qb6 10. Bg2 Nc6 11. Bxd5 Qxb2 12. Na4 Qb5 13. Bxe6 fxe6 14. c3 0-0-0 15. Rb1 Qa5 16. 0-0 Bd6 17. Qc2 f5 18. Nb2 Qd5 19. Qe2 b5 20. a4 a6 21. axb5 axb5 22. Rfe1 Rhe8 23. Ng2 f4 24. Qg4 h5 25. Qh4 Qf5 26. Nxf4 Rg8 27. Ng2 Rg4 28. Qh3 Rdg8 29. Kh1 Qd5 30. Nd1 Bf4 31. Kg1 Qf5 32. Rb2 Rxg3 33. fxg3 Qxh3 34. Nxf4 Qf5 35. Rf2 h4 36. Ne3 Qh7 37. g4 e5 38. dxe5 Nxe5 39. h3 Nd3 40. Nxd3 Qxd3 41. Nf5 Qxc3 42. Rb1 Rd8 43. Rxb5 Qxh3 44. Rc5+ Kb7 45. Rb2+ Ka6 46. Rc6+ Ka7 47. Rc7+ Ka8 0-1

[Event "Chigorin Memorial 24th"]
[Site "St Petersburg"]
[Date "2016.10.20"]
[Round "6"]
[White "Shpartko, Grigory"]
[Black "Schekachikhin, Maksim"]
[Result "0-1"]
[WhiteElo "2201"]
[BlackElo "2347"]
[PlyCount "72"]
[EventDate "2016.10.15"]
[EventType "swiss"]
[EventRounds "9"]
[EventCountry "RUS"]
[SourceTitle "CBM 175 Extra"]
[Source "ChessBase"]
[SourceDate "2016.12.12"]
[SourceVersion "1"]
[SourceVersionDate "2016.12.12"]
[SourceQuality "1"]

1. d4 d5 2. Nf3 Nf6 3. c4 e6 4. Nc3 c6 5. Bg5 h6 6. Bxf6 Qxf6 7. Qb3 Nd7 8. e4 dxe4 9. Nxe4 Qf4 10. Bd3 Be7 11. 0-0 0-0 12. Rfe1 b6 13. a4 Qc7 14. a5 bxa5 15. c5 e5 16. Nxe5 Nxe5 17. dxe5 Qxe5 18. Nd6 Qf6 19. Nxc8 Bxc5 20. Re2 Raxc8 21. Rxa5 Rb8 22. Qc4 Bd4 23. Rf5 Qd6 24. b3 c5 25. h4 Qd7 26. Rd5 Qb7 27. Bc2 Rfe8 28. Rd6 Qc7 29. Ra6 Qd7 30. Be4 Re5 31. Bf3 Rxe2 32. Qxe2 Rxb3 33. Rxa7 Qxa7 34. Qe8+ Kh7 35. Bh5 Rb1+ 36. Kh2 Qb8+ 0-1

[Event "Chigorin Memorial 24th"]
[Site "St Petersburg"]
[Date "2016.10.15"]
[Round "1"]
[White "Kozyakov, Andrey"]
[Black "Shpartko, Grigory"]
[Result "0-1"]
[WhiteElo "1620"]
[BlackElo "2201"]
[PlyCount "94"]
[EventDate "2016.10.15"]
[EventType "swiss"]
[EventRounds "9"]
[EventCountry "RUS"]
[SourceTitle "CBM 175 Extra"]
[Source "ChessBase"]
[SourceDate "2016.12.12"]
[SourceVersion "1"]
[SourceVersionDate "2016.12.12"]
[SourceQuality "1"]

1. e4 c6 2. d4 d5 3. Nc3 dxe4 4. Nxe4 Bf5 5. Ng3 Bg6 6. h4 h6 7. h5 Bh7 8. Nf3 Nd7 9. Bd3 Bxd3 10. Qxd3 e6 11. Bd2 Ngf6 12. 0-0-0 Qc7 13. Bc3 0-0-0 14. Qe2 Nd5 15. Ne4 N7f6 16. Nxf6 Nxc3 17. bxc3 gxf6 18. Kb2 Qa5 19. Qc4 Rg8 20. g3 Rd5 21. Nd2 Rxh5 22. Rhe1 Qb5+ 23. Qxb5 Rxb5+ 24. Nb3 Rf5 25. Re2 b5 26. Nd2 Kc7 27. Ne4 Be7 28. Rh1 Rg6 29. Kc1 Rf3 30. Kb2 a5 31. Rh5 b4 32. Rxa5 bxc3+ 33. Kb3 Kb8 34. Rh5 Rg4 35. Kc4 e5 36. dxe5 f5 37. Rxh6 fxe4 38. Kb3 Kb7 39. e6 Rg5 40. a4 Re5 41. exf7 Rxf7 42. f4 Rc5 43. Rxe4 Bf8 44. Rh1 Ka7 45. Rc4 Rb7+ 46. Kxc3 Bg7+ 47. Kd3 Rd7+ 0-1

[Event "Chigorin Memorial 23rd"]
[Site "St Petersburg"]
[Date "2015.10.10"]
[Round "8"]
[White "Kuybokarov, Temur"]
[Black "Shpartko, Grigory"]
[Result "1-0"]
[WhiteElo "2390"]
[BlackElo "2193"]
[PlyCount "59"]
[EventDate "2015.10.03"]
[EventType "swiss"]
[EventRounds "9"]
[EventCountry "RUS"]
[SourceTitle "CBM 168 Extra"]
[Source "ChessBase"]
[SourceDate "2015.10.29"]
[SourceVersion "1"]
[SourceVersionDate "2015.10.29"]
[SourceQuality "1"]

1. e4 Nc6 2. Nf3 d6 3. d4 Nf6 4. Nc3 a6 5. Bc4 Bg4 6. Be3 e5 7. d5 Na5 8. Bd3 b5 9. h3 Bxf3 10. Qxf3 Be7 11. Ne2 Qd7 12. g4 g6 13. g5 Nh5 14. h4 f5 15. exf5 Rf8 16. f6 Bd8 17. 0-0-0 c5 18. dxc6 Nxc6 19. Be4 Rc8 20. Bc5 Bxf6 21. Rxd6 Bxg5+ 22. hxg5 Rxf3 23. Rxd7 Rf7 24. Rxf7 Kxf7 25. Ng3 Ng7 26. Bd5+ Ke8 27. Rxh7 Nd8 28. Ne4 Nde6 29. Bxe6 Rc6 30. Rh8# 1-0

[Event "Chigorin Memorial 23rd"]
[Site "St Petersburg"]
[Date "2015.10.09"]
[Round "7"]
[White "Shpartko, Grigory"]
[Black "Nuritdinov, Nizomiddin"]
[Result "1-0"]
[WhiteElo "2193"]
[BlackElo "1918"]
[PlyCount "125"]
[EventDate "2015.10.03"]
[EventType "swiss"]
[EventRounds "9"]
[EventCountry "RUS"]
[SourceTitle "CBM 168 Extra"]
[Source "ChessBase"]
[SourceDate "2015.10.29"]
[SourceVersion "1"]
[SourceVersionDate "2015.10.29"]
[SourceQuality "1"]

1. d4 d5 2. c4 e6 3. Nf3 Nf6 4. Nc3 Be7 5. Bf4 Nh5 6. Bg3 Nxg3 7. hxg3 c6 8. e3 Nd7 9. c5 b5 10. b4 a5 11. a3 Qc7 12. Be2 e5 13. Nh4 g6 14. f4 exd4 15. exd4 Bf6 16. Nf3 0-0 17. 0-0 Bg7 18. Ne5 f6 19. Nf3 f5 20. Qb3 Nf6 21. Bd3 Be6 22. Rfe1 Bf7 23. Ne5 Ne4 24. Ne2 a4 25. Qb2 Be6 26. Kh2 Rac8 27. Ng1 Bxe5 28. dxe5 Qg7 29. Nf3 h6 30. Qe2 Rc7 31. Qe3 Rcf7 32. Rf1 Kh8 33. Rac1 Rg8 34. Rh1 Qf8 35. Ng1 g5 36. Ne2 gxf4 37. gxf4 Rfg7 38. Bxe4 fxe4 39. g3 Rg4 40. Kg2 Kh7 41. Rh5 R4g6 42. Rh4 Bg4 43. Rxg4 Rxg4 44. Rh1 Qg7 45. Rh3 Rf8 46. Kh2 Rg6 47. Nd4 Qd7 48. f5 Rxf5 49. e6 Qe7 50. Rxh6+ Rxh6+ 51. Qxh6+ Kxh6 52. Nxf5+ Kg5 53. Nxe7 Kf6 54. Nxc6 Kxe6 55. g4 Kf6 56. Kg3 Ke6 57. Nd4+ Ke5 58. Nxb5 d4 59. Nxd4 Kxd4 60. c6 e3 61. c7 Kd3 62. c8Q e2 63. Qc1 1-0

[Event "Chigorin Memorial 23rd"]
[Site "St Petersburg"]
[Date "2015.10.08"]
[Round "6"]
[White "Zakaryan, David"]
[Black "Shpartko, Grigory"]
[Result "1-0"]
[WhiteElo "2335"]
[BlackElo "2193"]
[PlyCount "99"]
[EventDate "2015.10.03"]
[EventType "swiss"]
[EventRounds "9"]
[EventCountry "RUS"]
[SourceTitle "CBM 168 Extra"]
[Source "ChessBase"]
[SourceDate "2015.10.29"]
[SourceVersion "1"]
[SourceVersionDate "2015.10.29"]
[SourceQuality "1"]

1. e4 g6 2. d4 d6 3. Nc3 Bg7 4. Be3 Nf6 5. f3 0-0 6. Qd2 a6 7. 0-0-0 b5 8. h4 h5 9. Kb1 Nc6 10. Nh3 e5 11. d5 Na5 12. Bd3 c5 13. dxc6 Be6 14. Ng5 Rc8 15. Nd5 Rxc6 16. Nb4 Rc8 17. Nxa6 Bc4 18. b3 d5 19. exd5 Nxd5 20. Be4 Nxe3 21. Qxe3 Qf6 22. Nb4 Qe7 23. c3 Be6 24. Qb6 Bxb3 25. Qxa5 Bxd1 26. Rxd1 Bh6 27. Nd5 Qd8 28. Qxd8 Rfxd8 29. Bc2 Kg7 30. Bb3 Rd6 31. Nxf7 Re6 32. Nxh6 Kxh6 33. Re1 g5 34. hxg5+ Kxg5 35. f4+ Kh4 36. Ne3 Rg6 37. Nf5+ Kg4 38. Ne7 Rxc3 39. Bd1+ Kg3 40. Nxg6 exf4 41. Bxh5 Kxg2 42. Nxf4+ Kf2 43. Re5 b4 44. Kb2 Rc4 45. Nd3+ Kg3 46. Be2 Rh4 47. Rg5+ Kh3 48. Bf1+ Kh2 49. Rg2+ Kh3 50. Nf2# 1-0

[Event "St Petersburg blitz prelim"]
[Site "St Petersburg"]
[Date "2014.12.07"]
[Round "3"]
[White "Popov, Valerij"]
[Black "Shpartko, Grigory"]
[Result "1-0"]
[WhiteElo "2555"]
[BlackElo "2148"]
[PlyCount "75"]
[EventDate "2014.12.07"]
[EventType "swiss (blitz)"]
[EventRounds "11"]
[EventCountry "RUS"]
[SourceTitle "CBM 163 Extra"]
[Source "ChessBase"]
[SourceDate "2014.12.23"]
[SourceVersion "1"]
[SourceVersionDate "2014.12.23"]
[SourceQuality "1"]

1. Nf3 d5 2. c4 c6 3. e3 Nf6 4. Nc3 Nbd7 5. cxd5 cxd5 6. d4 e6 7. Bd3 Bd6 8. 0-0 a6 9. Qe2 0-0 10. Bd2 Re8 11. Rfd1 e5 12. Bf5 e4 13. Ne1 Nf8 14. Bxc8 Rxc8 15. f3 exf3 16. Nxf3 Ng6 17. Rac1 Qd7 18. Be1 Ng4 19. Bf2 Bf4 20. Rd3 Bh6 21. Qd2 Qf5 22. Re1 Re6 23. Nd1 Rce8 24. Rb3 b5 25. Rc3 Nf6 26. Qc2 Qh5 27. Rc8 Ne4 28. Rxe8+ Rxe8 29. Qc6 Re6 30. Qc8+ Nf8 31. Nc3 Nxf2 32. Kxf2 Qf5 33. Re2 g5 34. h3 g4 35. hxg4 Qxg4 36. Nxd5 Kh8 37. Nf4 Qh5 38. Nxh5 1-0

[Event "Chigorin Memorial 22nd"]
[Site "St Petersburg"]
[Date "2014.10.25"]
[Round "8"]
[White "Donskov, Anatoly"]
[Black "Shpartko, Grigory"]
[Result "1/2-1/2"]
[WhiteElo "2309"]
[BlackElo "2094"]
[PlyCount "82"]
[EventDate "2014.10.18"]
[EventType "swiss"]
[EventRounds "9"]
[EventCountry "RUS"]
[SourceTitle "EXT 2015"]
[Source "ChessBase"]
[SourceDate "2014.11.20"]
[SourceVersion "1"]
[SourceVersionDate "2014.11.20"]
[SourceQuality "1"]

1. e4 g6 2. d4 Nf6 3. e5 Nh5 4. Be2 d6 5. Bxh5 gxh5 6. Qxh5 dxe5 7. dxe5 Qd5 8. Nf3 Qe4+ 9. Be3 Qxc2 10. Nc3 Qg6 11. Qxg6 hxg6 12. Rc1 Na6 13. 0-0 Bh6 14. Bxh6 Rxh6 15. h3 Rh5 16. Rfe1 c5 17. a3 b6 18. Rcd1 Be6 19. Ne4 Bb3 20. Rd3 Bc2 21. Rd2 Bxe4 22. Rxe4 Nc7 23. Kh2 Rd8 24. g4 Rh8 25. Ree2 Nd5 26. Kg3 e6 27. h4 Ke7 28. Ng5 b5 29. Ne4 c4 30. Rd4 Nf4 31. Kxf4 Rxd4 32. Kg5 Rd1 33. Nf6 Rh1 34. a4 b4 35. Re4 Rc8 36. Rd4 Rc7 37. Ng8+ Ke8 38. Nf6+ Ke7 39. Ng8+ Ke8 40. Nf6+ Ke7 41. Ng8+ Ke8 1/2-1/2

[Event "St Petersburg-ch rap"]
[Site "St Petersburg"]
[Date "2014.03.09"]
[Round "9"]
[White "Shpartko, Grigory"]
[Black "Sichinava, Zviad"]
[Result "1-0"]
[WhiteElo "2093"]
[BlackElo "2327"]
[PlyCount "67"]
[EventDate "2014.03.08"]
[EventType "swiss (rapid)"]
[EventRounds "9"]
[EventCountry "RUS"]
[SourceTitle "CBM 159 Extra"]
[Source "ChessBase"]
[SourceDate "2014.04.24"]
[SourceVersion "1"]
[SourceVersionDate "2014.04.24"]
[SourceQuality "1"]

1. d4 Nf6 2. c4 c5 3. e3 d5 4. Nf3 Nc6 5. Nc3 cxd4 6. Nxd4 e5 7. Nxc6 bxc6 8. cxd5 cxd5 9. Bb5+ Bd7 10. 0-0 Bxb5 11. Nxb5 Be7 12. b3 Qa5 13. a4 a6 14. Bd2 Qb6 15. Nc3 d4 16. a5 Qd6 17. exd4 exd4 18. Qf3 0-0 19. Bf4 Qb4 20. Ne2 Rad8 21. Ra4 Qc5 22. Rc1 Qd5 23. Nxd4 Qxf3 24. gxf3 Nd5 25. Nc6 Rd7 26. Rd1 Bf6 27. Be5 Rc8 28. Rc4 Kf8 29. Nb8 Rdd8 30. Rxc8 Rxc8 31. Rxd5 Bxe5 32. Nd7+ Ke7 33. Nxe5 Ke6 34. Nc4 1-0

[Event "St Petersburg-ch rap"]
[Site "St Petersburg"]
[Date "2014.03.08"]
[Round "4"]
[White "Shpartko, Grigory"]
[Black "Ganichev, Alexander"]
[Result "1-0"]
[WhiteElo "2093"]
[BlackElo "2249"]
[PlyCount "77"]
[EventDate "2014.03.08"]
[EventType "swiss (rapid)"]
[EventRounds "9"]
[EventCountry "RUS"]
[SourceTitle "CBM 159 Extra"]
[Source "ChessBase"]
[SourceDate "2014.04.24"]
[SourceVersion "1"]
[SourceVersionDate "2014.04.24"]
[SourceQuality "1"]

1. d4 d5 2. c4 e6 3. Nf3 Nf6 4. Nc3 c6 5. Bg5 dxc4 6. a4 Bb4 7. Qc2 h6 8. Bh4 g5 9. Bg3 g4 10. Ne5 Qxd4 11. e3 Qe4 12. Qd2 Bxc3 13. Qxc3 Nd5 14. Qa3 b5 15. axb5 cxb5 16. Qc5 Bd7 17. Be2 h5 18. h3 f6 19. Nxd7 Nxd7 20. Qxb5 Qxg2 21. 0-0-0 Rc8 22. Rhg1 Qe4 23. Rd4 Qh7 24. hxg4 h4 25. Bd6 c3 26. Bd3 Qg7 27. Qb7 cxb2+ 28. Kxb2 N5b6 29. Bb5 h3 30. Bb4 Rd8 31. Rgd1 f5 32. Ka2 Nd5 33. Rxd5 exd5 34. Rxd5 h2 35. Bxd7+ Rxd7 36. Qc8+ Kf7 37. Rxd7+ Kf6 38. Qc6+ Ke5 39. Bc3# 1-0

[Event "Chigorin Memorial 21st"]
[Site "St Petersburg"]
[Date "2013.10.11"]
[Round "7"]
[White "Shpartko, Grigory"]
[Black "Solovyov, Viktor"]
[Result "0-1"]
[WhiteElo "2135"]
[BlackElo "2298"]
[PlyCount "186"]
[EventDate "2013.10.05"]
[EventType "swiss"]
[EventRounds "9"]
[EventCountry "RUS"]
[SourceTitle "CBM 156 Extra"]
[Source "ChessBase"]
[SourceDate "2013.10.22"]
[SourceVersion "1"]
[SourceVersionDate "2013.10.22"]
[SourceQuality "1"]

1. g3 Nf6 2. c4 c6 3. Bg2 d5 4. b3 Bf5 5. Nf3 e6 6. 0-0 Be7 7. d3 Nbd7 8. Nbd2 0-0 9. Bb2 h6 10. Re1 Bh7 11. Qc2 a5 12. e4 a4 13. Rad1 Qa5 14. Nd4 Rfd8 15. exd5 cxd5 16. N2f3 Bb4 17. Re2 axb3 18. axb3 Rac8 19. Bh3 dxc4 20. bxc4 Qh5 21. Bg2 Bd6 22. Nb5 Bb8 23. Qc3 Nc5 24. d4 Na4 25. Qb3 Nxb2 26. Rxb2 Be4 27. Re1 Bc6 28. Rbe2 Bxb5 29. cxb5 Nd5 30. Ne5 Qf5 31. Be4 Qf6 32. Rc2 Rxc2 33. Qxc2 Qe7 34. Bh7+ Kf8 35. Be4 Qb4 36. Rb1 Qxd4 37. Nf3 Qc3 38. Qa2 Qc5 39. Bxd5 Qxd5 40. Qxd5 Rxd5 41. Kf1 Bd6 42. Ke2 Bc5 43. Ne1 Re5+ 44. Kf1 b6 45. Nd3 Rd5 46. Ke2 Bd4 47. h4 Ke7 48. Nb4 Rd6 49. h5 Bc5 50. Nd3 Rd5 51. g4 Bd6 52. Ke3 f5 53. f3 Kf6 54. Ke2 Kg5 55. gxf5 Rxf5 56. Rg1+ Kf6 57. Nf2 Be7 58. Ng4+ Kf7 59. f4 Bd6 60. Ra1 Rxh5 61. Ra7+ Kg6 62. Rd7 Bxf4 63. Kf3 Rf5 64. Rb7 h5 65. Nf2 Bd6+ 66. Kg2 Rxb5 67. Rd7 Rg5+ 68. Kh1 Bc5 69. Nd3 Rf5 70. Kg2 Kf6 71. Kh3 Rd5 72. Nxc5 bxc5 73. Rc7 g5 74. Rc6 Kf5 75. Rc8 Ke4 76. Rh8 Rd3+ 77. Kg2 h4 78. Rg8 Rg3+ 79. Kf2 Rf3+ 80. Kg2 Rf5 81. Rg6 e5 82. Rc6 Kd4 83. Rd6+ Kc3 84. Kh3 Rf3+ 85. Kg2 Rg3+ 86. Kf2 c4 87. Re6 Kd4 88. Rd6+ Ke4 89. Rc6 c3 90. Rc4+ Kd3 91. Rc6 Kd2 92. Rc7 c2 93. Rc5 Rd3 0-1